| 000 | 00784nam a2200265Ia 4500 | ||
|---|---|---|---|
| 003 | GCL | ||
| 005 | 20240530102417.0 | ||
| 008 | 140319s9999 xx 000 0 ara d | ||
| 040 |
_aGCL / _cGCL |
||
| 082 | 0 | 4 |
_a371.207 _bم إ |
| 100 | 1 | _aمحمد منير مرسى | |
| 245 | 1 | 0 |
_aالاصلاح والتجديد التربوى فى العصر الحديث / _cمحمد منير مرسى |
| 260 |
_a[S.N] : _bعالم الكتب الحديث ، _c1992 |
||
| 300 | _a349 | ||
| 650 | 0 | 4 | _aالعصر الحديث |
| 650 | 0 | 4 | _aتاريخ |
| 650 | 0 | 4 | _aالتعليم |
| 650 | 0 | 4 | _aالتربية |
| 650 | 0 | 4 | _aفلسفة |
| 650 | 0 | 4 | _aالتعليم العالى |
| 650 | 0 | 4 | _aنظريات |
| 650 | 0 | 4 | _aالاصلاح |
| 650 | 0 | 4 | _aالمدرسون |
| 942 |
_2ddc _cBK |
||
| 999 |
_c32042 _d32042 |
||